000 00974cam a2200337 4500
008 090401t1993 xxu||||| |||| 00| 0 eng d
020 _a1874698104
035 _a(Sirsi) u73258
041 _aeng
050 _a614.7026
100 _aDeanesly, Clare
245 _aBadlands: essential environmental law for property professionals.
260 _aLondon
_bCameron May
_c1993
300 _a246p. ; 21cm.
350 _a60
520 _aPublished in association with the United Kingdom Environmental Law Association.
650 _aAIR POLLUTION
650 _aCONTAMINATED LAND
650 _aENVIRONMENTAL LAW
650 _aHAZARDOUS SUBSTANCES
650 _aNOISE
650 _aPOLLUTION
650 _aUNITED KINGDOM ENVIRONMENTAL LAW ASSOCIATION
650 _aWASTE MANAGEMENT
650 _aWATER
690 _aENVIRONMENTAL AND LAND CONSULTANCY
700 _aPapanicolaou, Chris
700 _aTurner, Angela
942 _n0
948 _c04/03/1997
999 _c95566
_d95566